00275nam a2200121Ia 4500008004100000041001200041082001300053100001500066245002500081260002400106300000800130650001500138231217s9999 xx 000 0 und d aEnglish a670 MAK aMakienko N 0aPractical bench work c1984bMoscow : Mir, a181 aBench work